000 00773cam a22001934a 4500
005 20250605164144.0
008 250528s ||||||||||||||||||||||||d
035 _a19091
040 _aGR-AtMCL
_bgre
_dGR-AtMCL
_eAACR2
245 1 _aΘέματα Γενικής Φυσικής / Δια Πρωτοετείς Φοιτητάς της Φυσικομαθηματικής & Ιατρικής Σχολής
260 _bΑθήνα,
_c1965
300 _a208
520 _aΟι μαθηματικοί τύποι δεν μας λέγουν πώς το όντι τα πράγματα, αλλά πώς συμπεριφέρονται.
700 1 _aΓιαννοπουλος Μ
_95345
700 1 _aΤσλιμιγκρας Τ
_95346
942 _cBK
999 _c4372
_d4372